000 00699nam a22002297a 4500
001 57441
003 UA-OsUOA
005 20211123121725.0
007 ta
008 20081223b un ||||| |||| 00| 0 ukr d
040 _aUA-OsUOA
_bukr
_cUA-OsUOA
_dUA-OsUOA
041 _aukr
080 _a82.09(477)
090 _a82.09(477)
_bІ-90
245 _aІсторія української літератури
_bЛітература 70 – 90 х років
_cЄ. П. Кирилюк
_nКн. 4
260 _aК.
_bНаукова думка
_c1967
300 _a482 с.
505 _gТ. 1
650 7 _a82 Література. Літературознавство
_2UDC
942 _cBK
_2udc
955 _a2
999 _c343534
_d343534